书目信息

书名: 二级注册建筑师资格考试场地与建筑设计模拟作图题 
作者: 任乃鑫 主编
出版信息: 大连   大连理工大学出版社  2015
开本页数: 29cm  258页
丛书名:
单 册:
中图分类: TU204
科图分类:
主题词: 建筑制图--Jian Zhu Zhi Tu--建筑师--资格考试--习题集
电子资源:
ISBN: 978-7-5611-9695-3
000 00977nam0 2200241 45
001 012015366183
005 20070730101110.0
010    @a978-7-5611-9695-3@dCNY49.00
100    @a20151204d2015 em y0chiy50 ea
101 @achi
102    @aCN@b210000
105    @aa z 000yy
106    @ar
200 @a二级注册建筑师资格考试场地与建筑设计模拟作图题@AEr Ji Zhu Ce Jian Zhu Shi Zi Ge Kao Shi Chang De Yu Jian Zhu She Ji Mu Ni Zuo Tu Ti@f任乃鑫主编
205    @a第12版
210    @a大连@c大连理工大学出版社@d2015
215    @a258页@c图@d29cm
330    @a本书根据2002年修订的二级注册建筑师资格考试新大纲精神及考试实战情况编著而成,包括场地与建筑设计、建筑构造与详图两个科目,是编者经过多年的学习与研究编写而成的,主要为参加二级注册建筑师资格考试的建筑设计人员。
606 @a建筑制图@AJian Zhu Zhi Tu@x建筑师@x资格考试@j习题集
690    @aTU204@v5
701  0 @a任乃鑫@ARen Nai Xin@4主编
801  2 @aCN@bCDNYKJZYXY@c
905    @aCDNYKJZYXY@b481782-4@dTU204@e362@f3
    
    二级注册建筑师资格考试场地与建筑设计模拟作图题/任乃鑫主编.-第12版.-大连:大连理工大学出版社,2015
    258页:图;29cm
    
    
    ISBN 978-7-5611-9695-3:CNY49.00
    本书根据2002年修订的二级注册建筑师资格考试新大纲精神及考试实战情况编著而成,包括场地与建筑设计、建筑构造与详图两个科目,是编者经过多年的学习与研究编写而成的,主要为参加二级注册建筑师资格考试的建筑设计人员。
相关链接 在五车中查询图书 在当当中查询图书 在豆瓣中查询图书


正题名:二级注册建筑师资格考试场地与建筑设计模拟作图题     索取号:TU204/362         预约/预借

序号 登录号 条形码 馆藏地/架位号 状态 备注
1 481782   300481782   柳城-5楼/35架13列4层/ [索取号:TU204/362] 在馆    
2 481783   300481783   柳城-5楼/35架13列4层/ [索取号:TU204/362] 在馆    
3 481784   300481784   柳城-5楼/35架13列5层/ [索取号:TU204/362] 在馆